00667nam a2200229 a 4500001001300000003000900013005001700022008004100039020000900080082001400089100001600103245006100119260004500180300000800225500003500233650000800268700001600276902000800292942000700300952011300307999001700420nice12345678IN_TiNIC20260116014452.0080222s2006 newa grp 000 0 eng  ac2000a340bMAT7 aMathew, P D aFor Ensuting a Safe Environmentb Laws Against Pollution aNew DelhibIndian Social Institutec2006 a79p aincludes index and biblioraphy aLaw1 aMathew, P D bSRS cBK 001040708StackRoom-aHMIbHMId2008-02-22g20.00l0o340 MAT7p021707r2008-02-22v20.00w2008-02-22yBK c15488d15488